Vzdelávanie zamestnancov vo vybranej organizácii bakalárska práca

Salvato in:
Dettagli Bibliografici
Autore principale: Tirpáková, Jana
Ente Autore: Podnikovohospodárska fakulta EU so sídlom v Košiciach. Katedra manažmentu
Altri autori: Szaryszová, Petra, 1984-
Natura: Libro
Lingua:slovacco
Pubblicazione: Košice 2020
Tags: Aggiungi Tag
Nessun Tag, puoi essere il primo ad aggiungerne!!

MARC

LEADER 00000nbm a2200000 4500
001 0265452
005 20210421112202.5
041 0 |a slo 
044 |a SK 
245 1 0 |a Vzdelávanie zamestnancov vo vybranej organizácii  |b bakalárska práca  |c Jana Tirpáková ; školiteľ: Petra Szaryszová 
264 1 |a Košice  |c 2020 
300 |a 61 s. 
100 1 |a Tirpáková, Jana 
700 1 |a Szaryszová, Petra, 1984- 
710 2 |a Podnikovohospodárska fakulta EU so sídlom v Košiciach. Katedra manažmentu